01110nam a2200253Ia 4500001001200000003000800012006001900020007001500039008004100054040002100095035002100116050002500137245014600162260005500308300001400363533015200377650002800529651002800557655002900585710008200614710001700696856012600713999001700839ebr10071912CaPaEBRm u cr cn|||||||||050328s1998 dcu s 000 0 eng d aCaPaEBRcCaPaEBR a(OCoLC)56053502414aQB501.5b.G76 1998eb00aGround-based solar researchh[electronic resource] :ban assessment and strategy for the future /cTask Group on Ground-Based Solar Research. aWashington, D.C. :bNational Academy Press,c1998. ax, 124 p. aElectronic reproduction.bPalo Alto, Calif. :cebrary,d2013.nAvailable via World Wide Web.nAccess may be limited to ebrary affiliated libraries. 0aAstrophysicsxResearch. 0aSolar systemxResearch. 7aElectronic books.2local2 aNational Research Council (U.S.).bTask Group on Ground-based Solar Research.2 aebrary, Inc.40uhttp://site.ebrary.com/lib/rucke/Doc?id=10071912zAn electronic book accessible through the World Wide Web; click to view c44172d44172